Chess Pieces - Sudden Death - Statistics

General Stats
  • This quiz has been taken 406 times
  • The average score is 5 of 6
Answers on the Grid
Answers color-coded by a green-red scale on the quiz's grid according to % correct below.
Bishop
Guard
Horse
King
Knight
Pawn
Priest
Prince
Queen
Rook
Soldier
Tower
 
Answer Stats
Answer % Correct
Bishop
96%
King
89%
Knight
84%
Queen
83%
Rook
82%
Pawn
81%
No matching quizzes found
Score Distribution
Percent of People with Each Score
Percentile by Number Answered
Your Score History
You have not taken this quiz